[Event "I IRT Sub-2200 Villa de Xàbia 2015"]
[Site "Xavia ESP"]
[Date "2015.04.24"]
[Round "1.1"]
[White "Uran Bermudez, Oliver Kevin"]
[Black "Najarro Garcia, Jose Maria"]
[Result "1-0"]
[WhiteElo "2174"]
[BlackElo "1765"]
[PlyCount "69"]
[EventDate "2015.04.24"]
[EventType "swiss"]
[EventRounds "7"]
[EventCountry "ESP"]
[Source "lmi"]
[SourceDate "2015.04.24"]

1. e4 c5 2. Nf3 d6 3. d4 cxd4 4. Nxd4 Nf6 5. Nc3 a6 6. h3 g6 7. Be3 Bg7 8. g4
b5 9. Bg2 e5 10. Nde2 Be6 11. Qd2 O-O 12. O-O-O Ne8 13. f4 Nd7 14. f5 Bc4 15.
Nd5 Bxd5 16. Qxd5 Rc8 17. Kb1 Nb6 18. Bxb6 Qxb6 19. Rhf1 b4 20. g5 Rc5 21. Qb3
Qb5 22. Nc1 a5 23. Nd3 Rc4 24. a4 Qc6 25. Nf2 gxf5 26. exf5 Qxg2 27. Qxc4 Qxg5
28. Ne4 Qh4 29. Rg1 Kh8 30. Rg4 Qxh3 31. Rdg1 Bh6 32. R1g3 Qh1+ 33. Ka2 Qd1 34.
Nf2 d5 35. Qc5 1-0

[Event "I IRT Sub-2200 Villa de Xàbia 2015"]
[Site "Xavia ESP"]
[Date "2015.04.24"]
[Round "1.2"]
[White "Galvan Cipriani, Viviana"]
[Black "Garcia Amoros, Pablo"]
[Result "0-1"]
[WhiteElo "1735"]
[BlackElo "2133"]
[PlyCount "52"]
[EventDate "2015.04.24"]
[EventType "swiss"]
[EventRounds "7"]
[EventCountry "ESP"]
[Source "lmi"]
[SourceDate "2015.04.24"]

1. c4 e5 2. Nc3 Nc6 3. g3 g6 4. Bg2 Bg7 5. e4 d6 6. Nge2 f5 7. exf5 Bxf5 8. d3
Qd7 9. O-O Bh3 10. Nd5 Bxg2 11. Kxg2 Nge7 12. Nec3 O-O 13. Be3 Nxd5 14. Nxd5
Nd8 15. Qd2 Ne6 16. Bh6 Rf7 17. Bxg7 Kxg7 18. Rac1 Raf8 19. a3 h6 20. h4 a6 21.
Nc3 Nf4+ 22. gxf4 Qg4+ 23. Kh2 Qxh4+ 24. Kg2 Qg4+ 25. Kh2 Rf5 26. Ne4 Rh5# 0-1

[Event "I IRT Sub-2200 Villa de Xàbia 2015"]
[Site "Xavia ESP"]
[Date "2015.04.24"]
[Round "1.3"]
[White "Riquelme Valero, Manuel Damian"]
[Black "Daza Lopez, Andres Felipe"]
[Result "1-0"]
[WhiteElo "2127"]
[BlackElo "1733"]
[PlyCount "69"]
[EventDate "2015.04.24"]
[EventType "swiss"]
[EventRounds "7"]
[EventCountry "ESP"]
[Source "lmi"]
[SourceDate "2015.04.24"]

1. d4 Nf6 2. c4 g6 3. Nc3 Bg7 4. e4 d6 5. h3 O-O 6. Bg5 Nbd7 7. Nf3 c6 8. Be2
Qa5 9. Bd2 Qc7 10. Be3 Re8 11. O-O e5 12. d5 c5 13. Qd2 Nf8 14. Bd3 Nh5 15. g4
Nf6 16. Ne1 a6 17. a4 Qe7 18. Ng2 N6d7 19. f3 f6 20. a5 g5 21. Na4 Ng6 22. b4
Bf8 23. bxc5 Nxc5 24. Nxc5 dxc5 25. Rfb1 Qc7 26. Rb6 Bd6 27. Bf1 Kg7 28. Qf2
Nf4 29. Ne1 h5 30. Nd3 Nxd3 31. Bxd3 h4 32. Rab1 Rd8 33. R1b3 Rd7 34. Qb2 Be7
35. Qa3 1-0

[Event "I IRT Sub-2200 Villa de Xàbia 2015"]
[Site "Xavia ESP"]
[Date "2015.04.24"]
[Round "1.4"]
[White "Planelles Ortega, Emilio"]
[Black "Pena Riasco, Alexander"]
[Result "0-1"]
[WhiteElo "1732"]
[BlackElo "2122"]
[PlyCount "57"]
[EventDate "2015.04.24"]
[EventType "swiss"]
[EventRounds "7"]
[EventCountry "ESP"]
[Source "lmi"]
[SourceDate "2015.04.24"]

1. d4 d5 2. Bf4 Nf6 3. e3 Bf5 4. Bd3 Bxd3 5. cxd3 c6 6. Nd2 e6 7. Ngf3 Nbd7 8.
h3 Be7 9. Rc1 O-O 10. O-O Qb6 11. Qb3 Qa6 12. a3 Rfe8 13. Rfd1 Nf8 14. e4 Ng6
15. Be3 Nh5 16. g3 f5 17. Ne5 f4 18. Nxg6 fxe3 19. Nxe7+ Rxe7 20. fxe3 Nxg3 21.
Re1 Qa5 22. Qc2 Rf8 23. Nf1 Qc7 24. Qg2 Nxf1 25. Rxf1 Rxf1+ 26. Rxf1 Rf7 27.
Rxf7 Qxf7 28. Qf2 Qxf2+ 29. Kxf2 0-1

[Event "I IRT Sub-2200 Villa de Xàbia 2015"]
[Site "Xavia ESP"]
[Date "2015.04.24"]
[Round "1.5"]
[White "Sanchez Barbado, Carlos"]
[Black "Cervera Tur, Enrique"]
[Result "1-0"]
[WhiteElo "2120"]
[BlackElo "1716"]
[PlyCount "45"]
[EventDate "2015.04.24"]
[EventType "swiss"]
[EventRounds "7"]
[EventCountry "ESP"]
[Source "lmi"]
[SourceDate "2015.04.24"]

1. e4 b6 2. d4 Bb7 3. Bd3 e6 4. Nf3 Ne7 5. O-O g6 6. Bg5 Bg7 7. Re1 d6 8. Qe2
O-O 9. Nbd2 Nd7 10. a4 a5 11. c3 Re8 12. Bb5 c6 13. Bd3 d5 14. exd5 cxd5 15.
Bb5 Qc8 16. Rac1 Ba6 17. c4 Bxb5 18. axb5 dxc4 19. Nxc4 Qb8 20. Nce5 Bxe5 21.
dxe5 Nf5 22. Red1 Qa7 23. g4 1-0

[Event "I IRT Sub-2200 Villa de Xàbia 2015"]
[Site "Xavia ESP"]
[Date "2015.04.24"]
[Round "2.1"]
[White "Morello Ostos, Domingo"]
[Black "Uran Bermudez, Oliver Kevin"]
[Result "1-0"]
[WhiteElo "2007"]
[BlackElo "2174"]
[PlyCount "69"]
[EventDate "2015.04.24"]
[EventType "swiss"]
[EventRounds "7"]
[EventCountry "ESP"]
[Source "lmi"]
[SourceDate "2015.04.24"]

1. e4 e5 2. Nf3 Nc6 3. d4 exd4 4. Bc4 Nf6 5. e5 d5 6. Bb5 Ne4 7. Nxd4 Bd7 8.
Bxc6 bxc6 9. O-O Bc5 10. f3 Ng5 11. f4 Ne6 12. Be3 Qh4 13. c3 g6 14. Nd2 f5 15.
Kh1 Be7 16. N2b3 O-O 17. Nxe6 Bxe6 18. Nc5 Bxc5 19. Bxc5 Rfe8 20. Qd4 a6 21.
Rf3 Qd8 22. Raf1 Qd7 23. Rh3 Reb8 24. b3 Kh8 25. Rff3 Rg8 26. Rh6 Rg7 27. Qf2
Rag8 28. Rfh3 Qd8 29. Qe2 Qc8 30. Bf2 Re8 31. Bh4 Rf7 32. Bf6+ Kg8 33. Rxg6+
Kf8 34. Qh5 Ree7 35. Qh6+ 1-0

[Event "I IRT Sub-2200 Villa de Xàbia 2015"]
[Site "Xavia ESP"]
[Date "2015.04.24"]
[Round "2.2"]
[White "Garcia Amoros, Pablo"]
[Black "Jordana Vargas, Julio"]
[Result "1-0"]
[WhiteElo "2133"]
[BlackElo "2004"]
[PlyCount "68"]
[EventDate "2015.04.24"]
[EventType "swiss"]
[EventRounds "7"]
[EventCountry "ESP"]
[Source "lmi"]
[SourceDate "2015.04.24"]

1. e4 c5 2. Nf3 Nc6 3. Bb5 g6 4. Bxc6 bxc6 5. d3 Bg7 6. O-O Nf6 7. Nc3 O-O 8.
e5 Nd5 9. Ne4 d6 10. c4 Nc7 11. Bf4 Ne6 12. Bg3 d5 13. Nc3 Nd4 14. cxd5 Bg4 15.
dxc6 e6 16. Ne4 Bxf3 17. gxf3 Qd5 18. Rc1 Qxc6 19. Rxc5 Qb7 20. b3 Rfd8 21. f4
Rac8 22. Rxc8 Rxc8 23. f3 Rc1 24. Qxc1 Ne2+ 25. Kg2 Nxc1 26. Rxc1 Bf8 27. Bh4
Be7 28. Nf6+ Bxf6 29. Bxf6 Kf8 30. Rc4 Qd7 31. Rb4 Qc7 32. Rd4 Ke8 33. Rd8+
Qxd8 34. Bxd8 Kxd8 1-0

[Event "I IRT Sub-2200 Villa de Xàbia 2015"]
[Site "Xavia ESP"]
[Date "2015.04.24"]
[Round "2.3"]
[White "Molano Lafuente, Ismael"]
[Black "Riquelme Valero, Manuel Damian"]
[Result "0-1"]
[WhiteElo "1990"]
[BlackElo "2127"]
[PlyCount "32"]
[EventDate "2015.04.24"]
[EventType "swiss"]
[EventRounds "7"]
[EventCountry "ESP"]
[Source "lmi"]
[SourceDate "2015.04.24"]

1. e4 c6 2. Nc3 d5 3. Qf3 dxe4 4. Nxe4 Nf6 5. Nxf6+ exf6 6. Bc4 Bd6 7. Qe3+ Qe7
8. Qxe7+ Kxe7 9. Ne2 Re8 10. d4 Bf5 11. Bb3 a5 12. a4 Na6 13. c3 Kf8 14. Be3
Nc7 15. O-O Nd5 16. Bxd5 cxd5 0-1

[Event "I IRT Sub-2200 Villa de Xàbia 2015"]
[Site "Xavia ESP"]
[Date "2015.04.24"]
[Round "2.4"]
[White "Pena Riasco, Alexander"]
[Black "Aguado Crespo, Antonio"]
[Result "1/2-1/2"]
[WhiteElo "2122"]
[BlackElo "1984"]
[PlyCount "63"]
[EventDate "2015.04.24"]
[EventType "swiss"]
[EventRounds "7"]
[EventCountry "ESP"]
[Source "lmi"]
[SourceDate "2015.04.24"]

1. e4 e5 2. Nf3 Nc6 3. Bb5 Nge7 4. O-O g6 5. d4 exd4 6. Nxd4 Bg7 7. c3 d6 8.
Na3 O-O 9. Bg5 Bd7 10. Qd2 Nxd4 11. cxd4 Bxb5 12. Nxb5 Qd7 13. a4 f5 14. Bxe7
Qxe7 15. exf5 Rxf5 16. Rae1 Qd7 17. Re2 c6 18. Nc3 d5 19. Rfe1 Rf7 20. Na2 Raf8
21. Nc1 Qg4 22. Nb3 Rf4 23. h3 Qh4 24. Qe3 Re4 25. Qc3 Bxd4 26. Nxd4 Rxd4 27.
b3 Rdf4 28. Qc5 a6 29. Rf1 R4f7 30. Qd6 Qg5 31. Re5 Rf5 32. Re7 1/2-1/2

[Event "I IRT Sub-2200 Villa de Xàbia 2015"]
[Site "Xavia ESP"]
[Date "2015.04.24"]
[Round "2.5"]
[White "Cebrian Flores, Juan Antonio"]
[Black "Sanchez Barbado, Carlos"]
[Result "0-1"]
[WhiteElo "1981"]
[BlackElo "2120"]
[PlyCount "64"]
[EventDate "2015.04.24"]
[EventType "swiss"]
[EventRounds "7"]
[EventCountry "ESP"]
[Source "lmi"]
[SourceDate "2015.04.24"]

1. e4 c5 2. Nf3 e6 3. d4 cxd4 4. Nxd4 Nf6 5. Bd3 Nc6 6. Nb3 d5 7. exd5 exd5 8.
Bg5 Be7 9. Nc3 O-O 10. h3 d4 11. Ne2 Qd5 12. Qd2 h6 13. Bxf6 Bxf6 14. O-O-O
Qxg2 15. f4 Rd8 16. Kb1 Qd5 17. Ng3 a5 18. Rdg1 a4 19. Nc1 a3 20. Ne4 Kf8 21.
Nxf6 gxf6 22. b3 Qa5 23. Qxa5 Rxa5 24. Bh7 Ne7 25. Nd3 Bf5 26. Bxf5 Rxf5 27.
Kc1 Nd5 28. Kd2 Nc3 29. Rg4 Re8 30. Rg2 Nxa2 31. Ra1 Nc3 32. Kc1 Rxf4 0-1

[Event "I IRT Sub-2200 Villa de Xàbia 2015"]
[Site "Xavia ESP"]
[Date "2015.04.25"]
[Round "3.1"]
[White "Rodriguez Ferrer, Pablo"]
[Black "Garcia Amoros, Pablo"]
[Result "1/2-1/2"]
[WhiteElo "2072"]
[BlackElo "2133"]
[PlyCount "54"]
[EventDate "2015.04.24"]
[EventType "swiss"]
[EventRounds "7"]
[EventCountry "ESP"]
[Source "lmi"]
[SourceDate "2015.04.24"]

1. e4 c5 2. Nc3 d6 3. g3 g6 4. Bg2 Bg7 5. d3 Nc6 6. f4 e6 7. Nf3 Nge7 8. O-O
O-O 9. Be3 Nd4 10. e5 Nef5 11. Bf2 Nxf3+ 12. Qxf3 Nd4 13. Qd1 dxe5 14. fxe5
Bxe5 15. Ne4 f5 16. Nxc5 Qc7 17. b4 Bg7 18. c3 Nb5 19. Qb3 Nxc3 20. Rae1 Kh8
21. Nxe6 Bxe6 22. Rxe6 Rad8 23. Rfe1 Rxd3 24. Re7 Qd8 25. Qc4 Ne4 26. Bxe4 fxe4
27. Qxe4 Rdf3 1/2-1/2

[Event "I IRT Sub-2200 Villa de Xàbia 2015"]
[Site "Xavia ESP"]
[Date "2015.04.25"]
[Round "3.2"]
[White "Riquelme Valero, Manuel Damian"]
[Black "Hassomal Daswani, Birjkumar"]
[Result "0-1"]
[WhiteElo "2127"]
[BlackElo "2079"]
[PlyCount "86"]
[EventDate "2015.04.24"]
[EventType "swiss"]
[EventRounds "7"]
[EventCountry "ESP"]
[Source "lmi"]
[SourceDate "2015.04.24"]

1. d4 Nf6 2. c4 c5 3. d5 b5 4. cxb5 a6 5. b6 Qxb6 6. Nc3 d6 7. e4 g6 8. Be2 Bg7
9. Nf3 Nbd7 10. Nd2 O-O 11. Nc4 Qc7 12. Bf4 Nb6 13. Ne3 Bd7 14. O-O Rfb8 15.
Rb1 Qc8 16. e5 Ne8 17. exd6 Nxd6 18. h4 h5 19. Bg5 Qf8 20. g4 hxg4 21. Bxg4 a5
22. Kg2 f5 23. Bf3 a4 24. Qc1 f4 25. Ng4 Bf5 26. Ra1 Nbc4 27. Re1 Rxb2 28. Bxe7
Qc8 29. Nf6+ Kf7 30. Nh7 Rc2 31. Qxf4 Bxc3 32. Qh6 Qh8 33. h5 Qg7 34. hxg6+
Qxg6+ 35. Ng5+ Kg8 36. Qh4 Bxa1 37. Rxa1 Re8 38. Bh5 Qg7 39. Bxe8 Qxa1 40. Bd7
Qg7 41. Be6+ Bxe6 42. Bf6 Bxd5+ 43. Kh2 Qxf6 0-1

[Event "I IRT Sub-2200 Villa de Xàbia 2015"]
[Site "Xavia ESP"]
[Date "2015.04.25"]
[Round "3.3"]
[White "Sanchez Barbado, Carlos"]
[Black "Carruana Fuentes, Rafael"]
[Result "1/2-1/2"]
[WhiteElo "2120"]
[BlackElo "2026"]
[PlyCount "96"]
[EventDate "2015.04.24"]
[EventType "swiss"]
[EventRounds "7"]
[EventCountry "ESP"]
[Source "lmi"]
[SourceDate "2015.04.24"]

1. e4 e5 2. Nf3 Nc6 3. Nc3 Nf6 4. d4 exd4 5. Nxd4 d6 6. Bb5 Bd7 7. O-O Be7 8.
Re1 O-O 9. h3 Re8 10. Bf4 Bf8 11. Qd2 g6 12. Rad1 Bg7 13. Bxc6 bxc6 14. e5 dxe5
15. Bxe5 Rb8 16. Nb3 Bf5 17. Qxd8 Rbxd8 18. Rxd8 Rxd8 19. Nd4 Rb8 20. Nxf5 gxf5
21. b3 Re8 22. Kf1 Re7 23. Bxf6 Bxf6 24. Rxe7 Bxe7 25. Ke2 Kg7 26. Nd1 Kf6 27.
f4 Ke6 28. Ne3 Bc5 29. Nc4 Bd4 30. Kd3 Kd5 31. c3 Bg7 32. Ne3+ Ke6 33. Nc2 Kd5
34. Ne1 c5 35. Nf3 Bf6 36. Nd2 Bh4 37. Nc4 Bg3 38. Ke3 Be1 39. Kd3 Bg3 40. Ne3+
Ke6 41. Kc4 Bxf4 42. Nd1 Bd6 43. Kd3 Ke5 44. Ke3 Be7 45. Nb2 Bg5+ 46. Kf3 Kd5
47. Nc4 Bc1 48. a4 a6 1/2-1/2

[Event "I IRT Sub-2200 Villa de Xàbia 2015"]
[Site "Xavia ESP"]
[Date "2015.04.25"]
[Round "3.4"]
[White "Del Valle Domenech, Rafael"]
[Black "Insa Alfonso, Pablo"]
[Result "1-0"]
[WhiteElo "2040"]
[BlackElo "2104"]
[PlyCount "91"]
[EventDate "2015.04.24"]
[EventType "swiss"]
[EventRounds "7"]
[EventCountry "ESP"]
[Source "lmi"]
[SourceDate "2015.04.24"]

1. d4 d5 2. c4 e6 3. Nc3 c6 4. e4 dxe4 5. Nxe4 Bb4+ 6. Nc3 c5 7. Nf3 cxd4 8.
Nxd4 Bxc3+ 9. bxc3 Nf6 10. Ba3 Bd7 11. Qe2 Qa5 12. Bb4 Qh5 13. Qd2 Na6 14. Be2
Qg6 15. Bf3 Nxb4 16. cxb4 O-O 17. Bxb7 Rab8 18. Bf3 e5 19. Nc6 Bxc6 20. Bxc6
Ne4 21. Qd5 Nc3 22. Qf3 Qc2 23. b5 e4 24. Qe3 Rbd8 25. O-O f5 26. Qxa7 Ne2+ 27.
Kh1 Qxc4 28. a4 f4 29. a5 f3 30. Qe3 fxg2+ 31. Kxg2 Nc3 32. Rfc1 Rf3 33. Rxc3
Qe6 34. Qxe4 Qh3+ 35. Kh1 Rxc3 36. Bd5+ Kh8 37. Qe7 Rdc8 38. Rg1 R3c7 39. Qe6
Qxe6 40. Bxe6 Rb8 41. b6 Rc2 42. Ra1 Rb2 43. Bd5 Rb5 44. Be4 Rb4 45. f3 g5 46.
h3 1-0

[Event "I IRT Sub-2200 Villa de Xàbia 2015"]
[Site "Xavia ESP"]
[Date "2015.04.25"]
[Round "3.5"]
[White "Megias Ortiz, Vicente Manuel"]
[Black "Morello Ostos, Domingo"]
[Result "0-1"]
[WhiteElo "2017"]
[BlackElo "2007"]
[PlyCount "34"]
[EventDate "2015.04.24"]
[EventType "swiss"]
[EventRounds "7"]
[EventCountry "ESP"]
[Source "lmi"]
[SourceDate "2015.04.24"]

1. c4 Nf6 2. Nc3 g6 3. e4 d6 4. d3 Bg7 5. f4 Nc6 6. Nf3 Bg4 7. Be3 e5 8. Be2
O-O 9. O-O exf4 10. Bxf4 Bxf3 11. Bxf3 Nd4 12. Ne2 Nd7 13. Be3 Nxf3+ 14. Rxf3
Ne5 15. Rf1 Ng4 16. Bd2 c6 17. h3 Qb6+ 0-1

[Event "I IRT Sub-2200 Villa de Xàbia 2015"]
[Site "Xavia ESP"]
[Date "2015.04.25"]
[Round "4.1"]
[White "Morello Ostos, Domingo"]
[Black "Del Valle Domenech, Rafael"]
[Result "0-1"]
[WhiteElo "2007"]
[BlackElo "2040"]
[PlyCount "73"]
[EventDate "2015.04.24"]
[EventType "swiss"]
[EventRounds "7"]
[EventCountry "ESP"]
[Source "lmi"]
[SourceDate "2015.04.24"]

1. e4 Nf6 2. e5 Nd5 3. c4 Nb6 4. d4 d6 5. exd6 cxd6 6. a4 a5 7. c5 dxc5 8. Bb5+
Nc6 9. Bxc6+ bxc6 10. Qf3 cxd4 11. Qxc6+ Bd7 12. Qe4 Rc8 13. Nd2 Bc6 14. Qg4 e5
15. Ngf3 f6 16. O-O Qd7 17. Qh5+ g6 18. Qh4 Bg7 19. Re1 O-O 20. Ne4 Bxe4 21.
Rxe4 Nxa4 22. Bh6 Nxb2 23. Rxa5 Ra8 24. Rxa8 Rxa8 25. Re1 Nd3 26. Qe4 Ra3 27.
Bxg7 Nxe1 28. Bxf6 Ra1 29. Nxe1 Qc6 30. Qxe5 Qxf6 31. Qe8+ Qf8 32. Qe6+ Qf7 33.
Qe5 Rb1 34. f3 d3 35. Qe3 Qd7 36. Qd2 Qd4+ 37. Kf1 0-1

[Event "I IRT Sub-2200 Villa de Xàbia 2015"]
[Site "Xavia ESP"]
[Date "2015.04.25"]
[Round "4.2"]
[White "Hassomal Daswani, Birjkumar"]
[Black "Sanchez Barbado, Carlos"]
[Result "1-0"]
[WhiteElo "2079"]
[BlackElo "2120"]
[PlyCount "69"]
[EventDate "2015.04.24"]
[EventType "swiss"]
[EventRounds "7"]
[EventCountry "ESP"]
[Source "lmi"]
[SourceDate "2015.04.24"]

1. e4 c5 2. Nf3 e6 3. d4 cxd4 4. Nxd4 Nf6 5. Nc3 Nc6 6. a3 d5 7. exd5 exd5 8.
Be2 Be7 9. O-O O-O 10. Be3 Re8 11. Re1 a6 12. h3 Bd7 13. Bf3 Be6 14. Qd2 Qd7
15. Bf4 Rac8 16. Rad1 Bc5 17. Nb3 Ba7 18. Nxd5 Nxd5 19. Bxd5 Bxd5 20. Rxe8+
Qxe8 21. Qxd5 Qe2 22. Bg3 Qxc2 23. Rd2 Qg6 24. Kh2 h5 25. Qd7 Rd8 26. Qxb7 Rxd2
27. Nxd2 h4 28. Bxh4 Qd6+ 29. Bg3 Qxd2 30. Qxc6 Bxf2 31. Qc8+ Kh7 32. Qf5+ Kg8
33. Qxf2 Qd5 34. Qe2 a5 35. Qe5 1-0

[Event "I IRT Sub-2200 Villa de Xàbia 2015"]
[Site "Xavia ESP"]
[Date "2015.04.25"]
[Round "4.3"]
[White "Garcia Amoros, Pablo"]
[Black "Aguado Crespo, Antonio"]
[Result "1-0"]
[WhiteElo "2133"]
[BlackElo "1984"]
[PlyCount "77"]
[EventDate "2015.04.24"]
[EventType "swiss"]
[EventRounds "7"]
[EventCountry "ESP"]
[Source "lmi"]
[SourceDate "2015.04.24"]

1. e4 e5 2. Nf3 Nc6 3. Bb5 Nge7 4. O-O g6 5. d4 exd4 6. Nxd4 Bg7 7. Nxc6 bxc6
8. Bd3 O-O 9. Nd2 d5 10. Nb3 f5 11. exd5 cxd5 12. c4 c6 13. Qc2 Qd6 14. Be3 f4
15. Bc5 Qc7 16. Rfe1 Rf7 17. Nd4 Rb8 18. Rab1 Bg4 19. f3 Bf5 20. Ne6 Bxe6 21.
Rxe6 Nf5 22. Bxf5 Rxf5 23. Qe2 Re5 24. Rxe5 Qxe5 25. Qxe5 Bxe5 26. cxd5 cxd5
27. b4 a6 28. Kf2 Kf7 29. Ke2 Ke6 30. Kd3 Kd7 31. a4 Kc6 32. Re1 Bc7 33. Re6+
Kb7 34. Re7 Kc6 35. Re6+ Kb7 36. Kd4 Rd8 37. Re7 Kc6 38. b5+ axb5 39. axb5+ 1-0

[Event "I IRT Sub-2200 Villa de Xàbia 2015"]
[Site "Xavia ESP"]
[Date "2015.04.25"]
[Round "4.5"]
[White "Carruana Fuentes, Rafael"]
[Black "Barbero Verdu, Francisco"]
[Result "0-1"]
[WhiteElo "2026"]
[BlackElo "2059"]
[PlyCount "40"]
[EventDate "2015.04.24"]
[EventType "swiss"]
[EventRounds "7"]
[EventCountry "ESP"]
[Source "lmi"]
[SourceDate "2015.04.24"]

1. d4 Nf6 2. Nf3 g6 3. c4 Bg7 4. Nc3 d6 5. g3 O-O 6. Bg2 c6 7. O-O Nbd7 8. e4
e5 9. d5 cxd5 10. cxd5 Nc5 11. Re1 a5 12. Bg5 h6 13. Bxf6 Qxf6 14. h3 Bd7 15.
Qe2 Rab8 16. Nb5 Nxe4 17. Nxe5 Bxb5 18. Qxb5 Qxf2+ 19. Kh2 Qxg3+ 20. Kg1 Qf2+
0-1

[Event "I IRT Sub-2200 Villa de Xàbia 2015"]
[Site "Xavia ESP"]
[Date "2015.04.25"]
[Round "5.1"]
[White "Del Valle Domenech, Rafael"]
[Black "Hassomal Daswani, Birjkumar"]
[Result "1/2-1/2"]
[WhiteElo "2040"]
[BlackElo "2079"]
[PlyCount "39"]
[EventDate "2015.04.24"]
[EventType "swiss"]
[EventRounds "7"]
[EventCountry "ESP"]
[Source "lmi"]
[SourceDate "2015.04.24"]

1. d4 Nf6 2. Nf3 g6 3. c4 c5 4. Nc3 cxd4 5. Nxd4 d6 6. e4 Bg7 7. Be2 a6 8. Be3
Nbd7 9. O-O O-O 10. Qd2 Re8 11. Rac1 Nc5 12. f3 Ne6 13. Nd5 Nxd5 14. Nxe6 Bxe6
15. cxd5 Bd7 16. Bd4 Bxd4+ 17. Qxd4 Qa5 18. a3 Rec8 19. Kf2 Qd8 20. g3 1/2-1/2

[Event "I IRT Sub-2200 Villa de Xàbia 2015"]
[Site "Xavia ESP"]
[Date "2015.04.25"]
[Round "5.2"]
[White "Barbero Verdu, Francisco"]
[Black "Garcia Amoros, Pablo"]
[Result "0-1"]
[WhiteElo "2059"]
[BlackElo "2133"]
[PlyCount "94"]
[EventDate "2015.04.24"]
[EventType "swiss"]
[EventRounds "7"]
[EventCountry "ESP"]
[Source "lmi"]
[SourceDate "2015.04.24"]

1. Nf3 Nf6 2. b3 d6 3. d4 g6 4. Bb2 Bg7 5. e3 O-O 6. Be2 c5 7. O-O Nc6 8. d5
Nb4 9. c4 Bf5 10. Nc3 Ne4 11. Qc1 Nxc3 12. Bxc3 Bxc3 13. Qxc3 e5 14. dxe6 fxe6
15. a3 Nc6 16. Rad1 Qe7 17. Rd2 Bg4 18. Rfd1 Rad8 19. b4 b6 20. b5 Bxf3 21.
Bxf3 Ne5 22. Be2 Qf6 23. Kh1 Qxf2 24. Bf3 Qh4 25. e4 Qf4 26. Rf1 Qxe4 27. h3
Nxf3 28. gxf3 Qf4 29. Rg2 Rf5 30. Rg4 Qe5 31. Qd2 Rdf8 32. Rfg1 Rh5 33. Qg2 Qf5
34. f4 d5 35. Re1 Rf6 36. Kh2 Qd3 37. cxd5 Rxd5 38. a4 c4 39. Re2 Qd1 40. Qe4
c3 41. Reg2 Rd2 42. Qa8+ Rf8 43. Qc6 Qe1 44. f5 Qe5+ 45. Kh1 Rd1+ 46. Rg1 Rxg1+
47. Rxg1 Rxf5 0-1

[Event "I IRT Sub-2200 Villa de Xàbia 2015"]
[Site "Xavia ESP"]
[Date "2015.04.25"]
[Round "5.3"]
[White "Riquelme Valero, Manuel Damian"]
[Black "Pena Riasco, Alexander"]
[Result "1-0"]
[WhiteElo "2127"]
[BlackElo "2122"]
[PlyCount "52"]
[EventDate "2015.04.24"]
[EventType "swiss"]
[EventRounds "7"]
[EventCountry "ESP"]
[Source "lmi"]
[SourceDate "2015.04.24"]

1. d4 d5 2. c4 c6 3. Nc3 Nf6 4. Nf3 dxc4 5. e4 b5 6. e5 Nd5 7. a4 e6 8. axb5
Nxc3 9. bxc3 cxb5 10. Ng5 Bb7 11. Qh5 Qd7 12. Be2 Nc6 13. Nxh7 O-O-O 14. Nxf8
Rdxf8 15. Qg5 f6 16. exf6 gxf6 17. Qxb5 Qc7 18. Rb1 Na5 19. Ra1 Nb3 20. Rxa7
Kb8 21. Bf4 e5 22. Rxb7+ Qxb7 23. Qxb7+ Kxb7 24. dxe5 fxe5 25. Bxe5 Rh4 26. f4
Rc8 1-0

[Event "I IRT Sub-2200 Villa de Xàbia 2015"]
[Site "Xavia ESP"]
[Date "2015.04.25"]
[Round "5.4"]
[White "Uran Bermudez, Oliver Kevin"]
[Black "Molano Lafuente, Ismael"]
[Result "1/2-1/2"]
[WhiteElo "2174"]
[BlackElo "1990"]
[PlyCount "109"]
[EventDate "2015.04.24"]
[EventType "swiss"]
[EventRounds "7"]
[EventCountry "ESP"]
[Source "lmi"]
[SourceDate "2015.04.24"]

1. e4 c5 2. Nf3 Nc6 3. d4 cxd4 4. Nxd4 Nf6 5. Nc3 e5 6. Nde2 Bc5 7. Ng3 d6 8.
Be2 Be6 9. Nd5 h6 10. O-O O-O 11. c3 Bxd5 12. exd5 Ne7 13. c4 Nh7 14. Ne4 Bb6
15. Be3 Bxe3 16. fxe3 f5 17. Nc3 Qb6 18. Qd2 f4 19. Na4 Qxe3+ 20. Qxe3 fxe3 21.
Bg4 b6 22. Nc3 a6 23. g3 Ng5 24. h4 h5 25. Bxh5 Nh3+ 26. Kg2 Nf2 27. Rae1 Nd3
28. Rxe3 Rxf1 29. Kxf1 Nxb2 30. Rf3 Rf8 31. Rxf8+ Kxf8 32. Be2 Nf5 33. c5 dxc5
34. Bxa6 Nxg3+ 35. Ke1 Nf5 36. Kd2 c4 37. Kc2 Nd3 38. Bxc4 Nc5 39. Bb5 Ke7 40.
h5 Nd6 41. Be2 Kf6 42. Nb5 Nxb5 43. Bxb5 Nb7 44. Kd3 Nd6 45. Ba4 Kg5 46. Bd1 g6
47. hxg6 Kxg6 48. Bg4 Kg5 49. Bh3 Kf4 50. a4 Kg5 51. Ke3 Kf6 52. Bf1 Kg5 53.
Kf3 Kf5 54. Bh3+ Kg5 55. Be6 1/2-1/2

[Event "I IRT Sub-2200 Villa de Xàbia 2015"]
[Site "Xavia ESP"]
[Date "2015.04.25"]
[Round "5.5"]
[White "Cebrian Flores, Juan Antonio"]
[Black "Insa Alfonso, Pablo"]
[Result "1-0"]
[WhiteElo "1981"]
[BlackElo "2104"]
[PlyCount "81"]
[EventDate "2015.04.24"]
[EventType "swiss"]
[EventRounds "7"]
[EventCountry "ESP"]
[Source "lmi"]
[SourceDate "2015.04.24"]

1. d4 Nf6 2. c4 c5 3. d5 b5 4. f3 bxc4 5. e4 d6 6. a4 g6 7. Ne2 Bg7 8. Nec3 O-O
9. Na3 Nbd7 10. Bxc4 Rb8 11. O-O Ne5 12. Be2 Qb6 13. Nab5 a6 14. a5 Qb7 15. Na3
h5 16. f4 Neg4 17. h3 Nh6 18. Nc4 Rd8 19. Bf3 Nd7 20. g4 hxg4 21. hxg4 f5 22.
exf5 gxf5 23. g5 Ng4 24. Bxg4 fxg4 25. Qd3 Rf8 26. Kg2 Rf7 27. Ne3 Bxc3 28.
bxc3 Nf8 29. f5 e6 30. Nxg4 Rxf5 31. Nh6+ Kg7 32. Nxf5+ exf5 33. Bf4 Qb2+ 34.
Kg3 Rb3 35. Rfc1 Nh7 36. Rab1 Qa2 37. Rxb3 Qxb3 38. Re1 Qa4 39. Qe3 Kf7 40.
Qe7+ Kg6 41. Qxd6+ 1-0

[Event "I IRT Sub-2200 Villa de Xàbia 2015"]
[Site "Xavia ESP"]
[Date "2015.04.26"]
[Round "6.1"]
[White "Garcia Amoros, Pablo"]
[Black "Del Valle Domenech, Rafael"]
[Result "1-0"]
[WhiteElo "2133"]
[BlackElo "2040"]
[PlyCount "48"]
[EventDate "2015.04.24"]
[EventType "swiss"]
[EventRounds "7"]
[EventCountry "ESP"]
[Source "lmi"]
[SourceDate "2015.04.24"]

1. e4 Nf6 2. e5 Nd5 3. d4 d6 4. c4 Nb6 5. exd6 cxd6 6. Nc3 g6 7. Be3 Bg7 8. Rc1
O-O 9. b3 e5 10. dxe5 dxe5 11. Qxd8 Rxd8 12. c5 N6d7 13. Bc4 h6 14. Nb5 Nc6 15.
Nd6 Rf8 16. Nf3 Nd8 17. O-O Ne6 18. b4 Rd8 19. Rfd1 Kf8 20. Bxe6 fxe6 21. Nb5
Bf6 22. Bxh6+ Kg8 23. Bg5 Kg7 24. Bxf6+ Kxf6 1-0